Introduction to Optical Communictions

Salvato in:
Dettagli Bibliografici
Autore principale: Suematsu, Yasuharu
Natura: Libro
Lingua:Undetermined
Pubblicazione: New York John Wiley and Sons 1982
Soggetti:
Tags: Aggiungi Tag
Nessun Tag, puoi essere il primo ad aggiungerne! !
Thư viện lưu trữ: Trung tâm Học liệu Trường Đại học Cần Thơ
LEADER 00511nam a2200181Ia 4500
001 CTU_85298
008 210402s9999 xx 000 0 und d
082 |a 621.38 
082 |b S944 
100 |a Suematsu, Yasuharu 
245 0 |a Introduction to Optical Communictions 
245 0 |c Yasuharu Suematsu and Ken-Ichi Iga 
260 |a New York 
260 |b John Wiley and Sons 
260 |c 1982 
650 |a Optical communications 
904 |i Năm 
980 |a Trung tâm Học liệu Trường Đại học Cần Thơ